LEADER 00951nam a2200253 u 4500 001 000000051558 003 CaOOAMICUS 005 20070226115342.0 008 000919s1976 it u000 u ita u 035 $a10855949 040 $aPUL(R)$bita 100 1 $aSantaniello, Giuseppe.$0(OLS)http://pul/name/37039 245 12$aI tribunali amministrativi regionali /$cGiuseppe Santaniello. 250 $a2. ed. 260 $aRoma :$bLandi Sapi,$c1976. 300 $a114 p. ;$c24 cm 504 $aBibliografia in nota. 650 4$aDiritto amministrativo$zItalia.$0(OLS)http://pul/subject/8339 850 $aPUL 852 $aPUL$W1$xDP1 Fondo Ciprotti$y59$m1539 C 27$j68278$nBK-PRI$b $qFondi$B68278$CPULBib$Z2$F68278 $H $81 941 1 $a1 961 $aINV: F. Ciprotti 996 $6245$aI tribunali amministrativi regionali$9(OLS)http://pul/title/69279 996 $6260$aRoma :$bLandi Sapi$9(OLS)http://pul/publisher/68062 LEADER 01540nam a2200361 a 4500 001 000000131649 003 CaOOAMICUS 005 20121126121619.0 008 121126s2006 it u000 u ita r 020 $a88-420-7787-9 040 $aPUL$bita 041 1 $aita$hfre 100 1 $aChartier, Roger,$d1945-$0(OLS)http://pul/name/22884 240 10$aInscrire et effacer.$lItaliano.$0(OLS)http://pul/title/166325 245 10$aInscrivere e cancellare :$bcultura scritta e letteratura dall'XI al XVIII secolo /$cRoger Chartier ; traduzione di Lorenzo Argentieri. 260 $aRoma ;$aBari :$bLaterza,$c2006. 300 $aXV, 252 p. ;$c22 cm 490 1 $aCollezione storica 500 $aIndici p. [139]-147. 504 $aBibliogr. in nota. 600 04$aOrigenes,$d184-253.$0(OLS)http://pul/subject/2177 650 4$aScrittura.$0(OLS)http://pul/subject/19368 700 1 $aArgentieri, Lorenzo.$0(OLS)http://pul/name/64189 830 0$aCollezione storica (Editori Laterza).$0(OLS)http://pul/title/118 850 $aPUL 852 $aPUL$W1$xDP1 Fondo E. Rossi$y115$m1 C 55$j33030$qFondi$B150873$CPULBib$Z2$F150873 $82 941 1 $a1 960 $aOrigene,$d184-253$92177 961 $aSul dorso collocazione ms. di E. Rossi: C 36 10 996 $6020$a88-420-7787-9$9(OLS)http://pul/number/151180 996 $6245$aInscrivere e cancellare :$bcultura scritta e letteratura dall'XI al XVIII secolo$9(OLS)http://pul/title/166326 996 $6260$aRoma ;$aBari :$bLaterza$9(OLS)http://pul/publisher/57682